| 000 | 00483 a2200181 4500 | ||
|---|---|---|---|
| 041 | _aEng | ||
| 082 | _aCD8234 | ||
| 100 | _aSapkota, Bhupa Raj | ||
| 245 | _aTechniques of teaching vocabulary used by the teachers of Khotang District | ||
| 260 | _c2010 | ||
| 502 |
_aDissertation _bDegree in Education _cSukuna M.C. |
||
| 650 | _aEnglish language | ||
| 650 | _aGrammar | ||
| 650 | _aSpelling | ||
| 650 | _aTeaching vocabulary | ||
| 653 | _aEnglish LANGUAGE | ||
| 942 |
_cVM _2ddc |
||
| 999 |
_c70834 _d70820 |
||